Criminal Behavior and Rapid Community Growth - Examining the Evidence

Guardado en:  
Detalles Bibliográficos
Autores principales: Freudenburg, W. R. (Autor) ; Jones, R. E. (Autor)
Tipo de documento: Print Artículo
Lenguaje:Inglés
Publicado: 1991
En:In: Rural Sociology 56(1991), 4, Seite 619-645
Verificar disponibilidad: HBZ Gateway
Palabras clave:

MARC

LEADER 00000caa a22000002c 4500
001 1640063803
003 DE-627
005 20220608131010.0
007 tu
008 160223s1991 xx ||||| 00| ||eng c
035 |a (DE-627)1640063803 
035 |a (DE-576)456043810 
035 |a (DE-599)BSZ456043810 
040 |a DE-627  |b ger  |c DE-627  |e rakwb 
041 |a eng 
100 1 |a Freudenburg, W. R.  |4 aut 
245 1 0 |a Criminal Behavior and Rapid Community Growth - Examining the Evidence  |c W.R Freudenburg, R.E Jones 
264 1 |c 1991 
336 |a Text  |b txt  |2 rdacontent 
337 |a ohne Hilfsmittel zu benutzen  |b n  |2 rdamedia 
338 |a Band  |b nc  |2 rdacarrier 
700 1 |a Jones, R. E.  |4 aut 
773 0 8 |i In  |a Rural Sociology  |g 56(1991), 4, Seite 619-645 
773 1 8 |g volume:56  |g year:1991  |g number:4  |g pages:619-645 
935 |a mkri 
951 |a AR 
ELC |b 1 
LOK |0 000 xxxxxcx a22 zn 4500 
LOK |0 001 3301342876 
LOK |0 003 DE-627 
LOK |0 004 1640063803 
LOK |0 005 20160223101059 
LOK |0 008 160208||||||||||||||||ger||||||| 
LOK |0 040   |a DE-21-110  |c DE-627  |d DE-21-110 
LOK |0 689   |a s  |a Kriminalität 
LOK |0 689   |a s  |a Landgemeinde 
LOK |0 852   |z Kein Bestand am IfK; Nachweis für KrimDok 
LOK |0 852   |a DE-21-110 
LOK |0 852 1  |m v  |9 00 
LOK |0 935   |a k110 
LOK |0 938   |k v 
LOK |0 939   |a 08-02-16  |b l01 
ORI |a SA-MARC-krimdoka001.raw